Statistics for Losing MLB World Series Teams

Click here to take the quiz!

General Stats

  • This quiz has been taken 53 times
    (29 since last reset)
  • The average score is 46 of 114

Answer Stats

Year Team % Correct
2018Los Angeles Dodgers
95%
2017Los Angeles Dodgers
90%
2016Cleveland Indians
86%
2014Kansas City Royals
86%
2015New York Mets
81%
2013St. Louis Cardinals
76%
2003New York Yankees
67%
1999Atlanta Braves
67%
2001New York Yankees
67%
1996Atlanta Braves
67%
2008Tampa Bay Rays
67%
2002San Francisco Giants
62%
2007Colorado Rockies
62%
2000New York Mets
62%
2010Texas Rangers
62%
2011Texas Rangers
62%
2009Philadelphia Phillies
62%
2005Houston Astros
62%
2004St. Louis Cardinals
57%
1998San Diego Padres
57%
1997Cleveland Indians
57%
1992Atlanta Braves
57%
1991Atlanta Braves
57%
2006Detroit Tigers
57%
1986Boston Red Sox
52%
1976New York Yankees
52%
1977Los Angeles Dodgers
52%
1978Los Angeles Dodgers
52%
1981New York Yankees
52%
1974Los Angeles Dodgers
52%
1989San Francisco Giants
52%
2012Detroit Tigers
52%
1993Philadelphia Phillies
52%
1995Cleveland Indians
52%
1988Oakland Athletics
48%
1985St. Louis Cardinals
48%
1983Philadelphia Phillies
48%
1980Kansas City Royals
48%
1979Baltimore Orioles
48%
1975Boston Red Sox
48%
1969Baltimore Orioles
43%
1971Baltimore Orioles
43%
1972Cincinnati Reds
43%
1906Chicago Cubs
43%
1960New York Yankees
43%
1973New York Mets
43%
1982Milwaukee Brewers
43%
1987St. Louis Cardinals
43%
1990Oakland Athletics
43%
1963New York Yankees
38%
1945Chicago Cubs
38%
1908Detroit Tigers
38%
1907Detroit Tigers
38%
1962San Francisco Giants
38%
1964New York Yankees
38%
1966Los Angeles Dodgers
38%
1967Boston Red Sox
38%
1968St. Louis Cardinals
38%
1984San Diego Padres
38%
1970Cincinnati Reds
38%
1951New York Giants
33%
1932Chicago Cubs
33%
1942New York Yankees
33%
1929Chicago Cubs
33%
1949Brooklyn Dodgers
33%
1955New York Yankees
33%
1952Brooklyn Dodgers
33%
1953Brooklyn Dodgers
33%
1956Brooklyn Dodgers
33%
1957New York Yankees
33%
1965Minnesota Twins
33%
1935Chicago Cubs
33%
1920Brooklyn Robins
29%
1921New York Yankees
29%
1922New York Yankees
29%
1923New York Giants
29%
1917New York Giants
29%
1924New York Giants
29%
1934Detroit Tigers
29%
1938Chicago Cubs
29%
1937New York Giants
29%
1947Brooklyn Dodgers
29%
1961Cincinnati Reds
29%
1940Detroit Tigers
29%
1958Milwaukee Braves
29%
1941Brooklyn Dodgers
29%
1946Boston Red Sox
29%
1909Detroit Tigers
24%
1911New York Giants
24%
1912New York Giants
24%
1913New York Giants
24%
1916Brooklyn Robins
24%
1918Chicago Cubs
24%
1936New York Giants
24%
1948Boston Braves
24%
1950Philadelphia Phillies
24%
1943St. Louis Cardinals
24%
1939Cincinnati Reds
24%
1926New York Yankees
24%
1928St. Louis Cardinals
19%
1959Chicago White Sox
19%
1910Chicago Cubs
19%
1930St. Louis Cardinals
19%
1903Pittsburgh Pirates
19%
1954Cleveland Indians
19%
1919Chicago White Sox
19%
1914Philadelphia Athletics
14%
1915Philadelphia Phillies
14%
1931Philadelphia Athletics
14%
1933Washington Senators
14%
1944St. Louis Browns
14%
1925Washington Senators
10%
1927Pittsburgh Pirates
10%
1905Philadelphia Athletics
10%

Score Distribution

Percentile by Number Answered

Percent of People with Each Score

Your Score History

You have not taken this quiz since the last reset